80s Sitcoms by Picture - Statistics

General Stats
  • This quiz has been taken 546 times
    504 since last reset
  • The average score is 17 of 30
Answer Stats
Picture Answer % Correct
ALF
91%
Cheers
91%
The Cosby Show
91%
The Golden Girls
91%
Seinfeld
87%
Full House
84%
Married... with Children
76%
Roseanne
73%
Family Ties
71%
Doogie Howser, M.D.
69%
Family Matters
69%
Saved by the Bell
69%
Night Court
60%
Coach
57%
Who's the Boss?
57%
The Wonder Years
56%
Murphy Brown
54%
Growing Pains
51%
My Two Dads
51%
Mama's Family
46%
Perfect Strangers
46%
Punky Brewster
45%
Silver Spoons
45%
Webster
45%
A Different World
44%
Newhart
42%
Blackadder
34%
The Young Ones
18%
Yes, Minister
13%
Sledge Hammer!
12%
No matching quizzes found
Score Distribution
Percent of People with Each Score
Percentile by Number Answered
Your Score History
You have not taken this quiz since the last reset